| 000 | 02752cam a22004694i 4500 | ||
|---|---|---|---|
| 003 | PE-LiUPU | ||
| 005 | 20250731165408.0 | ||
| 008 | 151015s2014 pe a grm 000 0 spa d | ||
| 035 | _a(Sirsi) a154886 | ||
| 040 |
_aPE-LiUPU _bspa _cPE-LiUPU _erda |
||
| 082 | 0 | 4 |
_a373.1985 _C13 T4 |
| 099 |
_aTE 4 _bC13 2014 |
||
| 100 | 1 |
_aCabanillas Cabanillas, Segundo Agapito _eautor |
|
| 245 | 1 |
_aDiversificación del diseño curricular nacional en el área de arte: una propuesta para educación secundaria / _cSegundo Agapito Cabanillas Cabanillas. |
|
| 264 | 0 | _c2014. | |
| 300 |
_a252 hojas : _bilustraciones; _c30 cm |
||
| 336 |
_atext _2rdacontent |
||
| 337 |
_aunmediated _2rdamedia |
||
| 338 |
_avolume _2rdacarrier |
||
| 502 |
_aTesis _b(Dr.) -- _cUniversidad Peruana Unión, _d2014. |
||
| 504 | _aIncluye referencias | ||
| 520 | 3 | _aLa tesis titulada: Diversificación del diseño curricular nacional en el área de arte: una propuesta para educación secundaria fue desarrollada y enmarcada en el objetivo de generar una propuesta de diversificación curricular en el área de arte en la provincia de Bagua. El método empleado en el estudio es de carácter descriptivo interpretativo, se plantea una propuesta de nuevo diseño curricular para la segunda fase de la investigación, con respecto a la validación de la propuesta corresponde al uso de la técnica de "valoración", incluye una observación estructurada de los especialistas del área curricular de la provincia educativas de Bagua. Para elaborar la propuesta de diversificación del DCN, se ha tenido en cuenta los hallazgos del proyecto educativo local de Bagua (SUGEL-B: 2009); este documento recoge las intenciones educativas de la provincia de Bagua con miras al 2021. Para determinar la pertinencia de la propuesta de diversificación se ha empleado un cuestionario estructurado y validado por especialistas en currículo e investigación de la UpeU. Este instrumento fue utilizado por especialistas de la UGEL y de instituciones de educación superior de Bagua, para evaluar la propuesta. Los datos fueron analizados de manera cuantitativa. | |
| 526 | _aSEG44 | ||
| 526 | _aSEG26 | ||
| 526 | _aP151 | ||
| 526 | _aP150 | ||
| 526 | _aP149 | ||
| 526 | _aP146 | ||
| 526 | _aP145 | ||
| 526 | _aP126 | ||
| 526 | _aP125 | ||
| 526 | _aP92 | ||
| 526 | _aP75 | ||
| 526 | _aP74 | ||
| 526 | _aP27 | ||
| 526 | _aP15 | ||
| 650 | 0 | 4 |
_aEducación secundaria _zPerú _xPlanificación curricular _vTesis. |
| 650 | 0 | 4 |
_aEducación secundaria _xCurrículo _vTesis. |
| 596 | _a1 | ||
| 942 |
_2ddc _cTESIS |
||
| 999 |
_aTE 4 C13 2014 _wALPHANUM _c7580 _iT01781 _lCCODEBUL3 _mBUL _r1 _sY _tTESIS _u2015-10-15 _xPOSGRADO _PP89 _o.STAFF. lTesis _d7580 |
||
| 980 |
_81 _gALBERTO SANCHEZ Responsable de Automatización |
||